| 000 | 00723nam a22002890a 4500 | ||
|---|---|---|---|
| 001 | PT52243 | ||
| 003 | AR-LpoUNG | ||
| 005 | 20210131231506.0 | ||
| 008 | 191001s2014||||ag |||||||||||||||||spa d | ||
| 020 |
_a9789870428718 _c$37 |
||
| 040 |
_aAR-LpoUNG _bspa _cAR-LpoUNG _eaacr |
||
| 041 | _aspa | ||
| 044 | _aag | ||
| 082 | 0 | _aA863 827ray | |
| 100 | 1 | _aCortázar, Julio | |
| 245 | 1 | 0 | _aRayuela |
| 250 | _a1ra. ed., 4ta. reimpr. | ||
| 260 |
_aBuenos Aires : _bAguilar - Altea - Taurus - Alfaguara, _c2014. |
||
| 300 |
_a627 p. : _bil., fot. |
||
| 650 | 4 | _aARGENTINA | |
| 650 | 4 | _aLITERATURA | |
| 650 | 4 | _aNOVELAS | |
| 651 | 4 | _aArgentina | |
| 653 | _aLITERATURA ARGENTINA | ||
| 905 | _a52243 | ||
| 942 | _cLIB | ||
| 999 |
_c10327 _d10327 |
||